Dessins Animés par GIFS #2 - Statistiques

Statistiques générales
  • Ce quiz a été pris 454 fois
  • Le résultat moyen est 24 sur 30
Statistiques - réponses
Hint Réponse % Correct
Titeuf
98%
Franklin
97%
La Bande à Picsou
96%
Les Simpsons
96%
Les Zinzins de l'espace
96%
Tom-tom et Nana
96%
Les Aventures de Sonic
95%
La Ligue des justiciers
94%
One Piece
94%
Corneil et Bernie
93%
Cédric
92%
Spirou et Fantasio
90%
Death Note
89%
Les Mystérieuses Cités d'or
86%
Martin Mystère
84%
Albert le 5ème Mousquetaire
83%
Futurama
83%
Inspecteur Gadget
82%
Kangoo
81%
Hamtaro
79%
Le Secret de Sabrina
78%
Johnny Bravo
68%
Les Entrechats
68%
Nicky Larson
68%
Angela Anaconda
62%
Iznogoud
62%
Les Castors allumés
60%
Moi Renart
60%
Le Collège fou, fou, fou
57%
Blake et Mortimer
55%
Aucun quiz correspondant
Distribution des résultats
% des personnes avec chaque résultat
Percentile par nombre de réponses
Votre historique - résultats
Vous n’avez pas pris ce quiz